Statistics for Best Actor Oscar Winners by Photo (1979-1960)

Click here to take the quiz!

General Stats

  • This quiz has been taken 369 times
  • The average score is 13 of 20

Answer Stats

Answer% Correct
Jack Nicholson
95%
Marlon Brando
95%
Dustin Hoffman
93%
John Wayne
89%
Sidney Poitier
85%
Gene Hackman
84%
Gregory Peck
84%
Jon Voight
82%
Jack Lemmon
72%
Richard Dreyfuss
69%
George C. Scott
64%
Lee Marvin
64%
Burt Lancaster
61%
Rex Harrison
59%
Rod Steiger
49%
Peter Finch
45%
Art Carney
33%
Maximillian Schel
33%
Paul Scofield
31%
Cliff Robertson
30%

Score Distribution

Percentile by Number Answered

Percent of People with Each Score

Your Score History

You have not taken this quiz